000 01314cam a22003733a 4500
001 16381728
003 LC
005 20160404093554.0
008 980423s1998 nyua j 000 1 eng d
010 _a 99610690
020 _a0671019805 (pbk.) :
024 1 0 _a7671400450
024 3 0 _a780671019808
_d50450
035 _a(OCoLC)ocm39003169
040 _aJDP
_cJDP
_dJED
_dIKG
_dOCL
_dJED
_dDLC
050 _aPZ 7
_b.G162s10 2000
082 _aFIC#
_bSAB #10
100 1 _aGallagher, Diana G.
_96980
245 1 0 _aLotsa luck /
_cDiana G. Gallagher.
246 3 _aLots of luck
260 _aNew York :
_bPocket Books,
_c1998.
300 _a163 p. ;
_c18 cm.
440 _aSabrina, the teenage witch
_n#10
_919306
500 _a"Archway paperback."
520 _a"Sabrina's down on her luck, just when she needs it most...until she finds a magic spell that promises to change her old rabbit's foot into a real lucky charm."
650 0 _aWitches
_vFiction.
_919307
655 7 _aTelevision novels
_2gsafd
_919308
655 7 _aYoung adult fiction.
_2lcsh
_93735
710 2 _aCopyright Paperback Collection (Library of Congress)
_5DLC
_9705
730 0 _aSabrina, the teenage witch (Television program)
_96624
906 _a7
_bcbc
_ccopycat
_d2
_encip
_f19
_gy-genrareb
942 _2lcc
_cBK
999 _c11205
_d11205